000
00269nam a2200133Ia 4500
100
_a
Mcgrath/E.H.
650
_a
PRODUCTION
942
_c
BK
366
_f
25
245
_a
Basic Managerial Skills for all
260
_b
#N/A
_c
2011
300
_a
812
546
_a
ENGLISH
999
_c
24043
_d
24043